000
00337 a2200109 4500
001
ART_9095
005
20260410161642.0
008
260409a
245
1
0
_a
Límites constitucionales a la autotutela ejecutiva
100
1
_a
Karschenboim, Laura
773
0
_t
Consultor tributario
_g
- Año 6, Nº 61 (mar. 2012)
_w
REV474
999
_c
13449
_d
13449